000
00219nam a22001097a 4500
041
_a
eng
080
_a
80
100
_a
Bluestein, Jane E.
245
_a
Being A Successfull Teacher.
650
_a
Science
999
_c
279001
_d
279001
942
_c
BK